000 00837nam0a2200253 4500
001 RU\NLR\BIBL_A\011118356
005 20260406101300.0
010 _a978-5-389-08557-2
_910000
021 _aRU
_b2016-30120
_91946
035 _a(NLR Aleph) 011118356
090 _a11505682
_c11505682
100 _a20160504d2016 |||y0rusy50 ca
101 1 _arus
_ceng
102 _aRU
105 _ay|||z|||000ay
200 1 _aС любовью, Рози
_e[роман]
_fСесилия Ахерн
_g[пер. с англ. Э. Меленевской]
210 _aМосква
_cИностранка
_d2016
215 _a492, [1] с.
_d17
686 1 _aШ6(4И)167-4{Лх1328-50}
700 1 _aАхерн
_bС.
_f1981-
_gСесилия
_962156
_3RU\NLR\AUTH\7779228
942 _cBOOK
980 _aNB